[Event "Challenge"]
[Site "http://www.queenalice.com/game.php?id=314840"]
[Date "2007.12.4"]
[Round "-"]
[White "Koutousov"]
[Black "captainslog"]
[Result "1-0"]
[WhiteElo "1867"]
[BlackElo "1688"]

1. e4 e5 2. Nf3 Nf6 3. Nxe5 Nxe4 4. Qe2 Qe7 5. Qxe4 d6 6. d4 dxe5 7. Qxe5 Qxe5+
8. dxe5 Nc6 9. Bf4 Bc5 10. Bb5 O-O 11. O-O Nd4 12. Bd3 Ne2+ 13. Bxe2 Bf5 14. Nd2
Bd4 15. c3 Bxe5 16. Bxe5 Rfe8 17. f4 f6 18. Bc4+ Kh8 19. Bd4 Red8 20. Nf3 Be4
21. Rae1 Bd5 22. Bxd5 Rxd5 23. Re7 c5 24. Rfe1 Kg8 25. Bf2 b6 26. Rc7 1-0

[Event "Challenge"]
[Site "http://www.queenalice.com/game.php?id=314968"]
[Date "2007.12.4"]
[Round "-"]
[White "Koutousov"]
[Black "Claudemir"]
[Result "0-1"]
[WhiteElo "1836"]
[BlackElo "1937"]

1. d4 d5 2. c4 e6 3. Nc3 Bb4 4. Nf3 Nf6 5. Bg5 h6 6. Bxf6 Qxf6 7. e3 Nc6 8. Qc2
O-O 9. a3 Bd6 10. cxd5 exd5 11. Nxd5 Qd8 12. Bd3 Re8 13. Nc3 Bg4 14. Be2 Bxf3
15. Bxf3 Nxd4 16. Qd1 Nxf3+ 17. Qxf3 Rb8 18. O-O Qh4 19. g3 Qh3 20. Rfd1 Re5 0-1

[Event "Challenge"]
[Site "http://www.queenalice.com/game.php?id=314980"]
[Date "2007.12.4"]
[Round "-"]
[White "Tamise"]
[Black "Koutousov"]
[Result "1-0"]
[WhiteElo "1916"]
[BlackElo "1764"]

1. e4 c5 2. Nc3 Nc6 3. f4 g6 4. Nf3 Bg7 5. Bb5 Nd4 6. O-O Nxb5 7. Nxb5 d6 8. d3
Bd7 9. Nc3 e6 10. Bd2 Ne7 11. Rb1 O-O 12. Qe1 1-0

[Event "Challenge"]
[Site "http://www.queenalice.com/game.php?id=315312"]
[Date "2007.12.5"]
[Round "-"]
[White "Koutousov"]
[Black "emiliano"]
[Result "1-0"]
[WhiteElo "1821"]
[BlackElo "1742"]

1. d4 d5 2. c4 e6 3. Nf3 Nf6 4. Bg5 Be7 5. e3 O-O 6. Nc3 h6 7. Bh4 b6 8. Bd3 Bb7
9. O-O Nbd7 10. Rc1 dxc4 11. Bxc4 Nd5 12. Bxe7 Qxe7 13. Nxd5 exd5 14. Bb5 Rfc8
15. Bxd7 Qxd7 16. Ne5 Qe8 17. Nd3 Qb5 18. a4 Qe8 19. Rc3 Ba6 20. b4 Bxd3 21.
Rxd3 Qe7 22. Qb3 c6 23. Rc1 Rc7 24. Rdc3 Rac8 25. R1c2 Qd6 26. Qa3 a6 27. a5
bxa5 28. Qxa5 Rb8 29. Rc5 Rb5 30. Qxa6 Rxb4 31. g3 Rb5 32. Rxc6 Rxc6 33. Qxc6
Qxc6 34. Rxc6 g6 35. Rc5 Rxc5 36. dxc5 Kf8 37. Kf1 Ke7 38. Ke2 Kd7 39. Kd3 Kc6
40. Kd4 f6 41. f3 h5 42. h3 g5 43. h4 gxh4 44. gxh4 f5 45. f4 1-0

[Event "Challenge"]
[Site "http://www.queenalice.com/game.php?id=315315"]
[Date "2007.12.5"]
[Round "-"]
[White "Koutousov"]
[Black "bruno_borges"]
[Result "0-1"]
[WhiteElo "1881"]
[BlackElo "1899"]

1. d4 Nf6 2. c4 d5 3. cxd5 Nxd5 4. e4 Nf6 5. Nc3 g6 6. Nf3 Bg7 7. Be2 O-O 8. O-O
b6 9. Qc2 Bb7 10. h3 Nc6 11. Be3 e6 12. a3 Nd7 13. Rad1 Qe7 14. b4 e5 15. d5
Ncb8 16. Nb5 Nf6 17. Qxc7 Re8 18. d6 Qd7 19. Qxd7 Nbxd7 20. Nc7 Nxe4 21. Nxe8
Rxe8 22. Bb5 Rd8 0-1

[Event "Challenge"]
[Site "http://www.queenalice.com/game.php?id=315349"]
[Date "2007.12.5"]
[Round "-"]
[White "Hykgs"]
[Black "Koutousov"]
[Result "1-0"]
[WhiteElo "1547"]
[BlackElo "1711"]

1. e4 e5 2. Nf3 Nc6 3. Nc3 Nf6 4. Bc4 Bc5 5. O-O O-O 6. d3 d6 7. a3 a6 8. Bg5
Be6 9. Bxe6 fxe6 10. Qd2 Qe8 11. Ne2 h6 12. Bh4 Qg6 13. d4 exd4 14. Nfxd4 Qxe4
15. Nxc6 Qxc6 16. Nf4 Ne4 17. Qc1 Qe8 18. Nd3 Bb6 19. Qd1 Qg6 20. Qe2 Nc5 21.
Ne1 Qe4 22. Qh5 Qf5 23. Qe2 g5 24. Bg3 Ne4 25. Nd3 Nxg3 26. hxg3 Rae8 27. Rad1
1-0

[Event "Challenge"]
[Site "http://www.queenalice.com/game.php?id=315359"]
[Date "2007.12.5"]
[Round "-"]
[White "Koutousov"]
[Black "Dean20"]
[Result "0-1"]
[WhiteElo "1862"]
[BlackElo "1691"]

1. d4 d5 2. c4 Nf6 3. cxd5 Qxd5 4. Nc3 Qa5 5. Nf3 e6 6. Bd2 c6 7. e3 Qb6 8. Qc2
Nbd7 9. Na4 Qc7 10. Bd3 Be7 11. O-O Ng4 12. h3 Ngf6 13. Rac1 e5 14. Nc3 g6 15.
Rfe1 O-O 16. b4 a6 0-1

[Event "k1 c0"]
[Site "http://www.queenalice.com/game.php?id=315406"]
[Date "2007.12.5"]
[Round "-"]
[White "chapichapo"]
[Black "Koutousov"]
[Result "0-1"]
[WhiteElo "1785"]
[BlackElo "1844"]

1. e4 e5 2. Nf3 Nc6 3. Bc4 Bc5 4. c3 Nf6 5. d3 d6 6. a4 a6 7. h4 Bg4 8. Bg5 h6
9. Bxf6 Qxf6 10. Nbd2 O-O 11. b4 Bb6 12. Qb3 a5 13. b5 Ne7 14. Bd5 Be6 15. Bxe6
Qxe6 16. Qxe6 fxe6 17. Nc4 Ng6 18. Nxb6 cxb6 19. Ke2 Nf4+ 20. Kf1 Rf7 21. d4
exd4 22. Nxd4 Rf6 23. g4 g5 24. hxg5 hxg5 25. Nf3 Rc8 26. Nxg5 Rg6 27. Rh7 Rb8
28. Rf7 Nd3 29. f4 Rxg5 30. fxg5 Kxf7 31. Rd1 Nc5 32. Rxd6 Nxe4 33. Rxb6 Nd2+
34. Ke2 Nc4 0-1